00215nam a2200085Ia 4500008004100000020002200041082002000063100001300083245003300096220713s9999 xx 000 0 und d a978 1 77008 237 3 aT 305.2352 ZAGE aZAGER, K 0aWhat's happening to my body?